000 00418nam a2200157 i 4500
001 bg
100 1 _aBROMIRSKI, Jerzy
245 0 _aTechnika układów przekaźnikowych :
_bzarys teorii struktur układów przełączających /
_cJerzy Bromirski.
250 _aWyd.2.
260 _aŁódź,
_c1963.
040 _cBPK
041 _apol
080 _a621.318
942 _cKS
008 s pl f |000 0 pol
999 _c7173
_d7173
856 _uhttp://koha.tu.koszalin.pl/cgi-bin/koha/opac-detail.pl?biblionumber=7173
_yKatalog online BPK